000 00939nam2a2200229 4500
001 rc\2829257
005 20260315045017.0
035 _a(NLR Aleph) 006987270
090 _a13571322
_c13571322
100 _a20110625d1931 u y0rusy50 ca
101 0 _arus
102 _aRU
105 _aa z |||||
200 0 _aПисьмо 5-6
210 _d[1931]
215 _a48 с.
_cчерт.
461 0 _1001rc\2829252
_12000#$aМатематика$fАвтор Г.К. Брусиловский$gРед. М.Л. Иванов$gСССР-НКПТ. Центр. заоч. ин-т связи ...$vПисьмо 5-6
_95591329
_aЗаочный институт связи (Москва)
_c[Москва]
_d[1931]
_e2-е изд., испр. и доп.
_fАвтор Г.К. Брусиловский
_nБ. и.
_tМатематика
_vПисьмо 5-6
801 0 _aRU
_bNLR
_gpsbo
801 1 _aRU
_bELAR
_2rusmarc
852 _aNLR
_j32-18/195
942 _cUNSPEC
980 _aNB